00531nam a22001577a 4500003000900000008004100009040007100050082001900121100003100140245006200171260004300233300002600276505002700302650001500329710002900344AR-CdUCM190327b ||||| |||| 00| 0 spa d aMUNICIPALIDAD PROVINCIAL DEL CUSCOcBIBLIOTECA MUNICIPAL DEL CUSCO a079.856 /bP13 aPacheco Farfán, Juvenal  aCiencia del Periodismo y sus Categorías Axiológicas / aCusco - Perú :bJl Editores ;c2001. a170 páginas ;c21cm aContenido: Periodismo  aPeriodismo aMunicipalidad del Cusco